000 00442nam a2200157Ia 4500
008 160316s1997 xxu||||| |||| 00| 0 eng d
082 _a363.250000
_bSAF
100 _aSaferstain Richard
245 _aCriminalistics : An introduction to forensic science
250 _a4th
260 _aNew Jersey
_bPrentice Hall Inc.
_c1997
300 _a524p
_b
_c
365 _bRs2,849/-
650 _a1. Forensic Science - Criminalistics
700 _a
_a
999 _c11931
_d11931